000 00844nas a2200277 4500
001 BR9204588
003 BR-BrBNA
005 20231205092742.0
007 ta
008 230509b bl.|||p| |||| 00| 00por d
040 _aBR-BrBNA
_bpor
_cBiblioteca Nacional de Agricultura
041 _a(Pt)
072 _aL70
100 1 _aFan, L.C.R.
100 1 _aWouk, A.F.P. de F.
100 1 _aPippi, N.L.
100 1 _aSturion, D.J.
245 1 _aValores fisicos, quimicos e citologicos do liquido sinovial em caes normais e artrotomizados
650 _aCAO
650 _aANALISE DE LABORATORIO
650 _aARTICULACAO
650 _aVETERINARIA
773 0 _tRevista do Centro de Ciencias Rurais (Brazil)
_xISSN 0085-5901
_g(Jun 1980), v. 10(2) p. 169-173
_wBR9204588
909 _a202311
_bLúcia
_c55
_dLúcia Elande
942 _2AGRIS
_n0
_cANA
999 _c133914
_d133914